000 01095nam a22003137a 4500
003 CHAP
005 20220329133805.0
008 120604s2008 mx a r 00010 spa d
010 _a10955
011 _a11927
020 _a9788484763246
035 _a12446
040 _cCHAP
082 0 4 _a621.319
_bI59
245 0 0 _aInstalaciones eléctricas de baja tensión en el sector agropecuario y agroalimentario
_c/por Luis Luna Sánchez ...[et al.]
260 _aMadrid :
_bMundi Prensa,
_c2008
300 _a542 p. :
_bil.
590 _aBATCH-UPD
_b10
_c20130110
_lUCH01
_h1922
590 _aBATCH-UPD
_b10
_c20130410
_lUCH01
_h1248
590 _aBATCH-UPD
_b10
_c20130914
_lUCH01
_h1648
590 _aCONVERSION
_b10
_c20130109
_lUCH01
_h1307
650 0 4 _aAlumbrado electrico.
_94730
650 0 4 _aInstalaciones eléctricas.
_958971
700 1 _aLuna Sánchez, Luis.
_969118
901 _aBK
942 _cLIBRO
949 _a621.319 I59
_bBC
_cLIBRO
_d33724002334413
_eLIBRO
_h116757
_i12446
_sb
_t$917.7
949 _a621.319 I59
_bBC
_cLIBRO
_d33724002335165
_eLIBRO
_fc.2
_gI.c/e
_h116758
_i12446
_sb
_t$917.7
999 _c10955
_d10955